LEADER 01062nam a2200265 i 4500 001 000000179921 003 CaOOAMICUS 005 20090904000000.0 008 090904s1990 it u000 u ita u 013 $a157537 040 $aSeMil$bita 100 1 $aDedieu, Jean-Pierre.$0(OLS)http://semarc/name/66676 240 12$aL'inquisition.$0(OLS)http://semarc/title/258338 245 12$aL'inquisizione /$cJean-Pierre Dedieu. 260 $aCinisello Balsamo :$bEdizioni Paoline,$ccopyr. 1990. 300 $a126 p. ;$c19 cm. 490 0 $aI compact ;$v5 500 $aContiene : Epilogo. Il sant'Uffizio romano ; Cronologia. 650 4$aInquisizione - Storia.$0(OLS)http://semarc/subject/3405 830 2$aI compact ;$v5.$0(OLS)http://semarc/title/8129 850 $aSeMil 852 $aSeMil$W1$xVenegono$y1$m3U I 642$j130676$B130676$CSeMilBibl$Z2$F143978 $81 961 $aRecupero: Seminario di Seveso 996 $6245$aL'inquisizione$9(OLS)http://semarc/title/258337 996 $6260$aCinisello Balsamo :$bEdizioni Paoline$9(OLS)http://semarc/publisher/36103 LEADER 01022nam a2200217 i 4500 001 000000060959 003 CaOOAMICUS 005 20140718000000.0 008 140718s1952 it u000 u ita u 013 $a32131 040 $aSeMil$bita 245 10$a...Morė e fu sepolto :$bLezioni tenute in Assisi al 9. Corso di di Studi Cristiani. 260 $aAssisi :$bEdizioni Pro Civitate Christiana,$c1952. 300 $a187 p. ;$c26 cm. 650 4$aGesų Cristo - Morte.$0(OLS)http://semarc/subject/10992 700 1 $aCorso di Studi Cristiani <9. : 1951 ; Assisi>.$0(OLS)http://semarc/name/30983 773 0 $tSimbolo.$dAssisi : Edizioni Pro Civitate Christiana, 1953-1967.$gVolume9$w()302 850 $aSeMil 852 $aSeMil$W1$xVenegono$y1$m2K V 139$j27112$B27112$CSeMilBibl$Z2$F27115 $81 996 $6245$a...Morė e fu sepolto :$bLezioni tenute in Assisi al 9. Corso di di Studi Cristiani$9(OLS)http://semarc/title/95660 996 $6260$aAssisi :$bEdizioni Pro Civitate Christiana$9(OLS)http://semarc/publisher/29813